States That Voted Red In the 2024 Presidential Election - Statistics

General Stats
  • This quiz has been taken 72 times
  • The average score is 22 of 27
Answers on the Map
Answers color-coded by a green-red scale on the quiz's map according to % correct below.
 
Answer Stats
State % Correct
ID
94%
AR
92%
FL
92%
NE
92%
AL
90%
TX
90%
MO
87%
ND
87%
NC
85%
OH
84%
SD
84%
IN
82%
SC
82%
WV
82%
TN
81%
GA
79%
OK
79%
UT
79%
MS
77%
WI
77%
LA
76%
PA
76%
WY
76%
KS
74%
KY
74%
IA
71%
MT
48%
No matching quizzes found
Score Distribution
Percent of People with Each Score
Percentile by Number Answered
Your Score History
You have not taken this quiz